Teaching &learning special english
Сохранить в:
| Формат: | |
|---|---|
| Язык: | Undetermined |
| Опубликовано: |
Thành Phố Hồ Chí Minh
Công ty An Hòa
2003
|
| Предметы: | |
| Метки: |
Добавить метку
Нет меток, Требуется 1-ая метка записи!
|
| Thư viện lưu trữ: | Trung tâm Học liệu Trường Đại học Cần Thơ |
|---|
| LEADER | 00511nam a2200181Ia 4500 | ||
|---|---|---|---|
| 001 | CTU_63773 | ||
| 008 | 210402s9999 xx 000 0 und d | ||
| 082 | |a 420.07 | ||
| 082 | |b T253/No.52 | ||
| 245 | 0 | |a Teaching &learning special english | |
| 260 | |a Thành Phố Hồ Chí Minh | ||
| 260 | |b Công ty An Hòa | ||
| 260 | |c 2003 | ||
| 650 | |a English language | ||
| 650 | |x Study and teaching | ||
| 904 | |i Qhieu sửa | ||
| 910 | |a Năm | ||
| 980 | |a Trung tâm Học liệu Trường Đại học Cần Thơ | ||